[Event "URS-ch sf"]
[Site "Daugavpils"]
[Date "1978.??.??"]
[Round "?"]
[White "Godes, Dmitry R"]
[Black "Taborov, Boris"]
[Result "1/2-1/2"]
[WhiteElo "2405"]
[BlackElo "2370"]

1. Nf3 Nf6 2. g3 g6 3. Bg2 Bg7 4. c4 c6 5. Nc3 d5 6. cxd5 cxd5 7. d4 O-O 8. Ne5  e6 9. e3 Nfd7 10. Nd3 b6 11. O-O Ba6 12. a4 Bxd3 13. Qxd3 Nc6 14. Na2 Re8 15.  Bd2 Nf6 16. Rfc1 Qd7 17. b4 Rec8 18. b5 Na5 19. Bxa5 bxa5 20. Qd2 Qd8 21. Rxc8  Rxc8 22. Rc1 Rxc1+ 23. Nxc1 Bf8 24. Nb3 Bb4 25. Qc2 Nd7 26. Bf1 Nb6 27. Nc5 Qc7  28. Bd3 Nd7 29. Nxd7 1/2-1/2

[Event "URS-ch sf"]
[Site "Daugavpils"]
[Date "1978.??.??"]
[Round "?"]
[White "Godes, Dmitry R"]
[Black "Vaisser, Anatoly"]
[Result "1/2-1/2"]
[WhiteElo "2405"]
[BlackElo "2385"]

1. Nf3 Nf6 2. c4 c5 3. g3 b6 4. Bg2 Bb7 5. O-O e6 6. Nc3 a6 7. b3 Be7 8. Bb2  O-O 9. d4 cxd4 10. Qxd4 d6 11. Rad1 Nbd7 12. Ne1 Qc7 13. e4 Rfc8 14. Nd3 Nc5  15. Qe3 Rab8 16. Rfe1 Ng4 17. Qe2 Ne5 18. Nxc5 Qxc5 19. Rc1 Bf6 20. h3 Rd8 21.  Kh2 Qc7 22. f4 Ng6 23. h4 h6 24. Nd1 Bxb2 25. Nxb2 Rbc8 26. Nd3 Qe7 27. a4 Ba8  28. Qf2 Rb8 29. Rc2 a5 30. Rd2 e5 31. f5 Nf8 32. g4 Nh7 33. Rf1 Bc6 34. Qg3 g5  35. f6 Nxf6 36. Rdf2 Nxe4 37. Bxe4 Bxe4 38. Rxf7 Qxf7 39. Rxf7 Kxf7 40. Qe3 Bc6  41. Nf2 Rh8 42. Ne4 Bxe4 43. Qxe4 gxh4 44. Kh3 Ke7 45. Kxh4 Rhf8 46. Kh5 Rf2  47. Qh7+ Rf7 48. Qe4 Rf2 49. Qh7+ Rf7 50. Qe4 Kd7 51. Kxh6 Kc7 52. g5 Rg8 53.  b4 axb4 54. a5 bxa5 55. c5 Rfg7 56. Qd5 Rg6+ 57. Kh7 R6g7+ 58. Kh6 Rg6+ 59. Kh7  R8g7+ 60. Kh8 Rd7 61. cxd6+ Rdxd6 62. Qxa5+ Rb6 63. Qxe5+ Kd8 64. Qd5+ Rgd6 65.  Qb3 Kc7 66. g6 Rxg6 67. Qf7+ Kd8 68. Qf8+ Kd7 69. Qf7+ Kc8 70. Qe8+ Kc7 71.  Qf7+ Kb8 72. Qe8+ Kb7 73. Qd7+ Ka6 74. Qa4+ Kb7 75. Qd7+ Kb8 76. Qe8+ Ka7 77.  Qa4+ Ra6 78. Qxb4 Rgd6 79. Kg7 Rab6 80. Qa4+ Kb8 81. Kf7 Kc8 82. Qg4+ Kd8 83.  Qh4+ Kc7 84. Qf4 Rb7 85. Ke8 1/2-1/2

[Event "URS-ch sf"]
[Site "Daugavpils"]
[Date "1978.??.??"]
[Round "?"]
[White "Godes, Dmitry R"]
[Black "Vladimirov, Evgeny"]
[Result "0-1"]
[WhiteElo "2405"]
[BlackElo "2445"]

1. c4 e6 2. Nf3 Nf6 3. Nc3 d5 4. g3 d4 5. Na4 c5 6. d3 Nc6 7. Bg2 e5 8. O-O Bd6  9. a3 Qc7 10. Bd2 O-O 11. b4 Nd7 12. Rb1 Rb8 13. b5 Ne7 14. b6 Qd8 15. bxa7 Ra8  16. Ng5 Rxa7 17. Ne4 Qc7 18. Qb3 Ra6 19. f4 Nc6 20. f5 f6 21. g4 b6 22. Nb2 Be7  23. Nd1 Nd8 24. Ndf2 Nf7 25. Ra1 Bb7 26. h4 Nb8 27. Kh1 Nc6 28. Rg1 Na7 29. Bf3  Nc8 30. Qd1 Ncd6 31. Qf1 Nxe4 32. Nxe4 Nd6 33. Qg2 Rf7 34. Bc1 Nxe4 35. Bxe4  Bd8 36. g5 Bxe4 37. Qxe4 Qb7 38. Qxb7 Rxb7 39. Kg2 e4 40. dxe4 Ra4 41. Bd2 Rxc4  42. Rgc1 Ra4 43. Rc2 g6 44. fxg6 hxg6 45. Rb1 Re7 46. gxf6 Rxe4 47. Bg5 Kf7 48.  Rxc5 bxc5 49. Rb7+ Be7 50. Kf2 Rxa3 51. fxe7 Ra2 52. Rc7 Rexe2+ 53. Kf3 Rac2  54. Rc6 Re5 55. Kf4 Rce2 56. Kf3 d3 57. Rd6 Rf5+ 58. Kg3 c4 59. Rd4 Rxg5+ 0-1

[Event "URS-ch sf"]
[Site "Daugavpils"]
[Date "1978.??.??"]
[Round "?"]
[White "Gofshtein, Leonid"]
[Black "Chekhov, Valery A"]
[Result "1/2-1/2"]
[WhiteElo "2400"]
[BlackElo "2470"]

1. d4 Nf6 2. c4 c5 3. d5 g6 4. Nc3 Bg7 5. e4 O-O 6. Bd3 e6 7. Nge2 exd5 8. cxd5  d6 9. O-O Re8 10. Bg5 a6 11. a4 Nbd7 12. h3 Qc7 13. Qd2 Rb8 14. Ng3 c4 15. Bc2  b5 16. axb5 axb5 17. Na2 Nc5 18. Rae1 Nfd7 19. Nb4 Ra8 20. Bh6 Bh8 21. e5 Bb7  22. f4 dxe5 23. f5 1/2-1/2

[Event "URS-ch sf"]
[Site "Daugavpils"]
[Date "1978.??.??"]
[Round "?"]
[White "Gofshtein, Leonid"]
[Black "Krivonosov, Oleg"]
[Result "1/2-1/2"]
[WhiteElo "2400"]
[BlackElo "2200"]

1. c4 Nf6 2. Nc3 e6 3. e4 d5 4. e5 d4 5. exf6 dxc3 6. bxc3 Qxf6 7. d4 c5 8. Nf3  cxd4 9. Bg5 Qf5 10. cxd4 Qa5+ 11. Bd2 Bb4 12. Rb1 Bxd2+ 13. Qxd2 Qxd2+ 14. Kxd2  b6 15. Bd3 Bb7 16. Rhc1 Ke7 17. Ke3 Rc8 18. a4 Nd7 19. a5 Rc7 20. Rb3 Rac8 21.  Ra1 Bxf3 22. gxf3 e5 23. axb6 axb6 24. Rb5 exd4+ 25. Kxd4 Rc5 26. Ra7 Kd6 27.  Rxc5 Rxc5 28. f4 Rh5 29. f3 g6 30. Ra2 Ra5 31. Rb2 Ra1 32. Be4 Ra3 33. Bd5 f5  34. h4 Ra1 35. h5 Rg1 36. hxg6 hxg6 37. Re2 Nc5 38. Re8 Rd1+ 39. Kc3 Rc1+ 40.  Kd2 Nb3+ 41. Ke2 Nc5 42. Kd2 Nb3+ 43. Ke2 Nc5 1/2-1/2

[Event "URS-ch sf"]
[Site "Daugavpils"]
[Date "1978.??.??"]
[Round "?"]
[White "Gofshtein, Leonid"]
[Black "Rytov, Boris"]
[Result "1/2-1/2"]
[WhiteElo "2400"]
[BlackElo "2200"]

1. d4 Nf6 2. c4 c5 3. d5 d6 4. Nc3 g6 5. e4 Bg7 6. Nf3 O-O 7. Be2 e6 8. O-O Re8  9. Nd2 b6 10. Re1 Na6 11. Rb1 Nc7 12. a3 Ba6 13. a4 exd5 14. cxd5 Bxe2 15. Rxe2  a6 16. b4 Ng4 17. Na2 Ne5 18. Bb2 b5 19. Nb3 c4 20. Na5 Qh4 21. Qf1 Nd3 22.  Bxg7 Kxg7 23. Nc3 Qf6 24. Rc2 h5 25. Nc6 h4 26. f3 Qg5 27. Rd1 Qe3+ 28. Kh1 f5  29. Re2 Qg5 30. Qg1 Qf6 31. Nd4 1/2-1/2

[Event "URS-ch sf"]
[Site "Daugavpils"]
[Date "1978.??.??"]
[Round "?"]
[White "Gofshtein, Leonid"]
[Black "Shereshevsky, Yakov I"]
[Result "1-0"]
[WhiteElo "2400"]
[BlackElo "2460"]

1. d4 Nf6 2. c4 c5 3. d5 b5 4. Nf3 d6 5. cxb5 a6 6. bxa6 g6 7. e4 Bxa6 8. Bxa6  Qa5+ 9. Nc3 Qxa6 10. a4 Bg7 11. Nb5 O-O 12. O-O Qb7 13. Qc2 Na6 14. Bd2 Rfb8  15. Rab1 Ne8 16. Rfc1 Rc8 17. b3 Nec7 18. Na3 Nb4 19. Bxb4 Qxb4 20. Nc4 Qb8 21.  Rd1 Rd8 22. Qd2 Na6 23. h4 Nb4 24. h5 Ra7 25. hxg6 hxg6 26. g3 e6 27. dxe6 fxe6  28. Qg5 Qc7 29. Qxg6 1-0

[Event "URS-ch sf"]
[Site "Daugavpils"]
[Date "1978.??.??"]
[Round "?"]
[White "Gofshtein, Leonid"]
[Black "Sturua, Zurab"]
[Result "1/2-1/2"]
[WhiteElo "2400"]
[BlackElo "2395"]

1. e4 c5 2. Nf3 Nc6 3. d4 cxd4 4. Nxd4 Nf6 5. Nc3 e5 6. Ndb5 d6 7. Nd5 Nxd5 8.  exd5 Ne7 9. c3 Ng6 10. Qa4 Bd7 11. Qb4 Qb8 12. Qc4 Kd8 13. Be3 Ne7 14. f4 Nc8  15. fxe5 dxe5 16. d6 f6 17. O-O-O a6 18. Qf7 axb5 19. Bxb5 Bxb5 20. d7 Bd6 21.  Qxg7 Bxd7 22. Qxh8+ Kc7 23. a3 b5 24. Qxf6 Qb7 25. Rd2 Ra6 26. Rhd1 Qe4 27. Bc5  Bf5 28. Qf7+ Kb8 29. Bxd6+ Rxd6 30. Qa2 Ne7 31. g4 Bg6 32. Rf1 Qe3 33. Rfd1 Kc7  34. Qb3 Rd5 35. Qb4 Nc6 36. Qb3 Rd6 37. h4 h6 38. h5 Be4 39. Qf7+ Kb6 40. Qf2  Qxf2 41. Rxf2 Re6 42. Re1 Bd3 43. Rf3 Bc4 44. g5 hxg5 45. Rg3 e4 46. Rxg5 Ne5  47. Re3 Bb3 48. Rh3 Rd6 49. Rg1 Nd3+ 50. Kb1 Nf2 51. Rhg3 Rd2 52. h6 Nd3 53.  R3g2 e3 54. h7 e2 1/2-1/2

[Event "URS-ch sf"]
[Site "Daugavpils"]
[Date "1978.??.??"]
[Round "?"]
[White "Gufeld, Eduard"]
[Black "Dolmatov, Sergey"]
[Result "1/2-1/2"]
[WhiteElo "2525"]
[BlackElo "2495"]

1. g3 d5 2. Bg2 Nf6 3. d3 e5 4. Nf3 Bd6 5. O-O c6 6. Nbd2 O-O 7. e4 Bg4 8. h3  Bh5 9. c3 Nbd7 10. Qc2 Re8 11. b3 a5 12. a3 b5 13. Bb2 Qb6 14. Nh4 Rad8 15. b4  dxe4 16. dxe4 c5 17. bxa5 Qxa5 18. c4 Nb6 19. g4 Bg6 20. cxb5 Bc7 21. Bc3 Qxb5  22. a4 Qd3 23. Qxd3 Rxd3 24. Rfc1 Rdd8 25. Nxg6 hxg6 26. Bf1 Rb8 27. f3 Red8  28. a5 Nc8 29. Nc4 Nd7 30. Rab1 Ne7 31. Rxb8 Rxb8 32. Rd1 Rd8 33. Rb1 Rb8 34.  Rd1 Rd8 35. Ne3 Nf8 36. Nd5 Ne6 37. a6 Kf8 38. Rb1 Rb8 39. Rd1 Bd6 40. Bc4 Nd4  41. Kf2 Nec6 42. h4 Nb5 43. Bb2 Nbd4 44. Ba3 Nb5 45. Bxb5 Rxb5 46. Nc3 Rb3 47.  Rxd6 Rxc3 48. Rxc6 Rxa3 49. Rc8+ Ke7 50. Rc7+ Ke6 51. a7 Ra2+ 52. Ke1 g5 53.  hxg5 g6 54. Kd1 c4 55. Kc1 Kd6 56. Rxf7 Kc5 57. Kb1 Ra4 58. Rd7 Kb4 59. Kb2 Ra5  60. Re7 c3+ 61. Kc2 Ra2+ 62. Kb1 Ra6 63. Rxe5 Rxa7 64. Re6 Kc4 65. Rxg6 Kd3 66.  Rd6+ Ke3 67. Kc2 Kxf3 68. Re6 Rc7 69. g6 Kf4 70. Re8 Kg5 71. g7 Rxg7 72. Kxc3  Kf6 73. Kd4 Rxg4 74. Kd5 Kf7 75. Ra8 Rg6 76. e5 Ke7 77. Ra7+ Ke8 78. Rb7 Rh6  79. Ra7 Rg6 80. Ra8+ Ke7 81. Ra7+ Ke8 1/2-1/2

[Event "URS-ch sf"]
[Site "Daugavpils"]
[Date "1978.??.??"]
[Round "?"]
[White "Gufeld, Eduard"]
[Black "Gavrikov, Viktor"]
[Result "1-0"]
[WhiteElo "2525"]
[BlackElo "2200"]

1. e4 c5 2. Nf3 e6 3. d4 cxd4 4. Nxd4 Nf6 5. Nc3 Nc6 6. Ndb5 d6 7. Bf4 e5 8.  Bg5 a6 9. Na3 b5 10. Nd5 Be7 11. Bxf6 Bxf6 12. c3 Bg5 13. Nc2 O-O 14. a4 bxa4  15. Rxa4 a5 16. Bb5 Na7 17. Bc4 Bd7 18. Ra2 Nc8 19. O-O Nb6 20. Nxb6 Qxb6 21.  Bd5 Rac8 22. Na3 Qa6 23. Qf3 Kh8 24. b3 f5 25. Nc4 a4 26. exf5 Rc5 27. Rd1 Rxf5  28. Qg4 e4 29. Qxe4 Qb5 30. Rxa4 h5 31. Ra8+ 1-0

[Event "URS-ch sf"]
[Site "Daugavpils"]
[Date "1978.??.??"]
[Round "?"]
[White "Gufeld, Eduard"]
[Black "Vaisser, Anatoly"]
[Result "1-0"]
[WhiteElo "2525"]
[BlackElo "2385"]

1. e4 c5 2. Nf3 Nc6 3. Bb5 e6 4. O-O Nge7 5. Re1 a6 6. Bxc6 Nxc6 7. d4 cxd4 8.  Nxd4 d6 9. Nxc6 bxc6 10. Qg4 Qf6 11. e5 Qg6 12. Qc4 Bd7 13. exd6 Bxd6 14. Nc3  Qh5 15. Bf4 Bxf4 16. Qxf4 O-O 17. Rad1 Be8 18. Re5 Qg6 19. Rd3 f6 20. Rxe6 Qg5  21. Qxg5 fxg5 22. f3 c5 23. Rdd6 a5 24. Re5 g4 25. fxg4 Bg6 26. Rd2 Rae8 27.  Rxe8 Rxe8 28. Kf2 Rb8 29. b3 c4 30. Ke3 cxb3 31. cxb3 Re8+ 32. Kd4 Rd8+ 33. Ke3  Re8+ 34. Kf4 Rf8+ 35. Kg3 Bf7 36. Rd4 Rc8 37. Ne4 Bg6 38. Nd6 Rc3+ 39. Kf4 Bb1  40. Rc4 Rxc4+ 41. Nxc4 Bxa2 42. Nxa5 Kf7 43. Ke5 Bb1 44. Nc4 1-0

[Event "URS-ch sf"]
[Site "Daugavpils"]
[Date "1978.??.??"]
[Round "?"]
[White "Gufeld, Eduard"]
[Black "Zaichik, Gennadi"]
[Result "1/2-1/2"]
[WhiteElo "2525"]
[BlackElo "2470"]

1. e4 c5 2. Nf3 d6 3. d4 cxd4 4. Nxd4 Nf6 5. Nc3 Nc6 6. Bg5 Qb6 7. Nb3 e6 8.  Bd3 Be7 9. O-O O-O 10. Kh1 a6 11. f4 h6 12. Bxf6 Bxf6 13. Qh5 Qc7 14. g4 b5 15.  e5 dxe5 16. g5 g6 17. gxf6 gxh5 18. Rg1+ Kh8 19. Rg7 Qb6 20. Rh7+ Kg8 21. Rg7+  Kh8 22. Rh7+ Kg8 1/2-1/2

[Event "URS-ch sf"]
[Site "Daugavpils"]
[Date "1978.??.??"]
[Round "?"]
[White "Gusev, Vladimir A"]
[Black "Averkin, Orest N"]
[Result "1/2-1/2"]
[WhiteElo "2410"]
[BlackElo "2455"]

1. d4 d5 2. Nc3 Nf6 3. Bg5 Nbd7 4. f3 c6 5. e4 dxe4 6. fxe4 Qa5 7. Qd2 e5 8.  dxe5 Nxe5 9. Bxf6 gxf6 10. a3 Be6 11. Rd1 Ng4 12. Nh3 Bh6 13. Nf4 O-O 14. Be2  Bxf4 15. Qxf4 Qe5 16. Qxe5 fxe5 17. Bxg4 Bxg4 18. Rd2 Rad8 19. h3 Be6 20. Rf1  Rxd2 21. Kxd2 Rd8+ 22. Ke3 Kf8 23. Rd1 Rxd1 24. Nxd1 1/2-1/2

[Event "URS-ch sf"]
[Site "Daugavpils"]
[Date "1978.??.??"]
[Round "?"]
[White "Gusev, Vladimir A"]
[Black "Godes, Dmitry R"]
[Result "1/2-1/2"]
[WhiteElo "2410"]
[BlackElo "2405"]

1. e4 c5 2. Nf3 d6 3. d4 cxd4 4. Nxd4 Nf6 5. Nc3 Nbd7 6. Nb3 a6 7. g3 e6 8. Bg2  Be7 9. O-O Rb8 10. f4 O-O 11. Kh1 b5 12. a3 e5 13. f5 a5 14. a4 b4 15. Nd5 Nxd5  16. Qxd5 Bb7 17. Qxa5 Qc8 18. Rf2 Nf6 19. Qxb4 Bxe4 20. Qe1 Bxc2 21. Na5 d5 22.  Bg5 Rxb2 23. Bxf6 gxf6 24. Qc1 Qc3 25. Rf3 Qxa5 26. Qxb2 Be4 27. Rff1 Bd3 28.  Rfd1 e4 29. Qd4 Rd8 30. g4 h6 31. Qe3 Bf8 32. Qd4 Kg7 33. Rac1 Bd6 34. Rxd3 Be5  35. Qc5 Qxc5 36. Rxc5 exd3 37. Rxd5 Rc8 38. Bf1 Rc2 39. Bxd3 Rxh2+ 40. Kg1 Rh4  41. Be2 h5 1/2-1/2

[Event "URS-ch sf"]
[Site "Daugavpils"]
[Date "1978.??.??"]
[Round "?"]
[White "Gusev, Vladimir A"]
[Black "Gofshtein, Leonid"]
[Result "1-0"]
[WhiteElo "2410"]
[BlackElo "2400"]

1. e4 d6 2. d4 Nf6 3. Nc3 g6 4. Bg5 c6 5. Qd2 b5 6. Bd3 h6 7. Bh4 Nfd7 8. f4  Nb6 9. Nf3 Nc4 10. Bxc4 bxc4 11. O-O Bg7 12. Rae1 O-O 13. f5 Nd7 14. Kh1 Re8  15. e5 dxe5 16. fxg6 fxg6 17. dxe5 g5 18. Bxg5 hxg5 19. Nxg5 Nxe5 20. Qf4 Qd6  21. Rxe5 Rf8 22. Qxc4+ 1-0

[Event "URS-ch sf"]
[Site "Daugavpils"]
[Date "1978.??.??"]
[Round "?"]
[White "Gusev, Vladimir A"]
[Black "Kosikov, Alexey I"]
[Result "0-1"]
[WhiteElo "2410"]
[BlackElo "2395"]

1. e4 Nf6 2. e5 Nd5 3. c4 Nb6 4. b3 d6 5. exd6 exd6 6. Bb2 Nc6 7. Nf3 Bf5 8. d4  Nb4 9. Na3 Qe7+ 10. Kd2 Qd7 11. Kc3 a5 12. Nh4 Be7 13. Nxf5 Qxf5 14. Qf3 Qg6  15. Bd3 Nxd3 16. Qxd3 Qxg2 17. Rhe1 c6 18. d5 Nc8 19. Kc2 f6 20. dxc6 bxc6 21.  Qe3 Qg6+ 22. Kd2 O-O 23. Rg1 Qf7 24. Rae1 d5 25. Qe6 Bb4+ 26. Bc3 Qxe6 27. Rxe6  Bxa3 28. Bxf6 g6 29. h4 Nd6 30. f3 0-1

[Event "URS-ch sf"]
[Site "Daugavpils"]
[Date "1978.??.??"]
[Round "?"]
[White "Kapengut, Albert Z"]
[Black "Kim, V."]
[Result "1-0"]
[WhiteElo "2465"]
[BlackElo "2200"]

1. e4 c5 2. Nf3 Nc6 3. Bb5 g6 4. O-O Bg7 5. Re1 Nf6 6. c3 O-O 7. h3 e5 8. Na3  Nh5 9. Nc2 Qb6 10. Bf1 d6 11. b4 cxb4 12. cxb4 Bd7 13. Rb1 Be6 14. a4 Rad8 15.  Ba3 Ne7 16. b5 Rfe8 17. d4 d5 18. Bc5 Qa5 19. Nxe5 dxe4 20. Nc4 Bxc4 21. Bxc4  Qc3 22. Ne3 Nf4 23. Rc1 Qa5 24. Qb3 Nd3 25. Bxf7+ Kh8 26. Bxe8 Rxe8 27. Bxe7  1-0

[Event "URS-ch sf"]
[Site "Daugavpils"]
[Date "1978.??.??"]
[Round "?"]
[White "Kapengut, Albert Z"]
[Black "Mishuchkov, Nikolai M"]
[Result "1-0"]
[WhiteElo "2465"]
[BlackElo "2410"]

1. e4 c5 2. Nf3 e6 3. d4 cxd4 4. Nxd4 Nf6 5. Nc3 d6 6. Be2 Nc6 7. O-O Be7 8.  Be3 O-O 9. f4 a6 10. a4 Qc7 11. Qe1 Nxd4 12. Bxd4 e5 13. Be3 exf4 14. Rxf4 Be6  15. Rd1 Rfe8 16. Qg3 Nd7 17. Bd4 Ne5 18. Rdf1 Qa5 19. Nd5 Qxa4 20. c4 Bxd5 21.  exd5 Bf8 22. Bg4 Qc2 23. Bh5 Qa4 24. Qc3 Red8 25. Bxe5 dxe5 26. Rxf7 Kh8 27.  Qh3 1-0

[Event "URS-ch sf"]
[Site "Daugavpils"]
[Date "1978.??.??"]
[Round "?"]
[White "Kapengut, Albert Z"]
[Black "Zaichik, Gennadi"]
[Result "1/2-1/2"]
[WhiteElo "2465"]
[BlackElo "2470"]

1. e4 d6 2. d4 Nf6 3. Nc3 g6 4. f4 Bg7 5. Nf3 O-O 6. Bd3 Na6 7. e5 dxe5 8. dxe5  Nd5 9. Nxd5 Qxd5 10. Qe2 Bf5 11. Bxf5 gxf5 12. Be3 c5 13. O-O Nc7 14. Rad1 Qc6  15. Qd3 e6 16. c4 Na6 17. g4 Nb4 18. Qb1 Rad8 19. gxf5 Rxd1 20. Qxd1 exf5 21.  Qb1 Qg6+ 22. Kf2 Rd8 23. Rd1 Rxd1 24. Qxd1 Bf8 25. a3 Nc6 26. Qd5 b6 27. Ke2  Ne7 28. Qd7 Qg2+ 29. Bf2 Ng6 30. Qxf5 Bh6 31. e6 fxe6 32. Qxe6+ Kg7 33. Qd7+  Kf6 34. Qd6+ Kg7 35. Qc7+ Kf6 36. Qc6+ Kg7 37. Qc7+ Kf6 38. Qd8+ Kg7 39. Qd7+  Kf6 1/2-1/2

[Event "URS-ch sf"]
[Site "Daugavpils"]
[Date "1978.??.??"]
[Round "?"]
[White "Kataev, V."]
[Black "Godes, Dmitry R"]
[Result "0-1"]
[WhiteElo "2200"]
[BlackElo "2405"]

1. d4 Nf6 2. c4 c5 3. Nf3 cxd4 4. Nxd4 e6 5. Nc3 Be7 6. g3 d5 7. cxd5 Nxd5 8.  e4 Nxc3 9. bxc3 O-O 10. Be2 b6 11. O-O Bb7 12. Bf3 Nd7 13. Bg2 Nc5 14. Re1 Rc8  15. Ba3 Qc7 16. Qc2 Rfd8 17. Rad1 g6 18. c4 Bf6 19. Nb5 Qb8 20. Rxd8+ Rxd8 21.  Nc3 Qe5 22. Nd1 Nd3 23. Re3 Qd4 24. e5 Nxe5 25. Nb2 Bxg2 26. Kxg2 Qd7 27. Bb4  Qc6+ 28. f3 Rc8 29. Re4 Nxf3 0-1

[Event "URS-ch sf"]
[Site "Daugavpils"]
[Date "1978.??.??"]
[Round "?"]
[White "Kataev, V."]
[Black "Shereshevsky, Yakov I"]
[Result "1/2-1/2"]
[WhiteElo "2200"]
[BlackElo "2460"]

1. Nf3 b6 2. g3 Bb7 3. Bg2 e6 4. c4 Nf6 5. Qc2 Be7 6. O-O O-O 7. Nc3 d5 8. cxd5  exd5 9. d4 Na6 10. b3 Ne4 11. a3 c5 12. Bb2 Rc8 13. Qb1 f5 14. e3 Qe8 15. Qa2  cxd4 16. Nxe4 fxe4 17. Nxd4 Nc5 18. b4 Nd3 19. Rab1 Bf6 20. Ba1 Rc4 21. Ne2 Qa4  22. Bxf6 Rxf6 23. Nf4 Nxf4 24. exf4 Qc2 25. Rb2 Qc3 26. Rd1 Rf8 27. Rbd2 Kh8  28. Bf1 Rc7 29. Rd4 Qc2 30. Qa1 Rc3 1/2-1/2

[Event "URS-ch sf"]
[Site "Daugavpils"]
[Date "1978.??.??"]
[Round "?"]
[White "Kataev, V."]
[Black "Tseitlin, Mark D"]
[Result "0-1"]
[WhiteElo "2200"]
[BlackElo "2480"]

1. d4 g6 2. Nf3 Bg7 3. g3 c5 4. c3 b6 5. Bg2 Bb7 6. O-O Nf6 7. Nbd2 O-O 8. Re1  d5 9. Ne5 Nc6 10. Nxc6 Bxc6 11. b3 Qc7 12. Ba3 Ne4 13. Nxe4 dxe4 14. e3 Bb7 15.  Rc1 Rfd8 16. Qc2 f5 17. Bf1 Rac8 18. Qb1 e6 19. Red1 Kf7 20. Bc4 h5 21. Rd2 b5  22. Bf1 cxd4 23. cxd4 Qa5 24. Rxc8 Rxc8 25. Bc1 Qc3 26. Rd1 Qc2 27. Bb2 Qxb1  28. Rxb1 a6 29. Rc1 Rxc1 30. Bxc1 e5 31. dxe5 Bxe5 32. Bd2 Ke6 33. h4 Kd5 34.  Be2 Kc5 35. Kf1 Bb2 36. Ke1 Ba3 37. Bc3 Kb6 38. Kd2 Bc5 39. b4 Be7 40. Bd4+ Kc7  41. Kc3 Bd5 42. a3 Kc6 43. Be5 Ba2 44. Bd1 Bc4 45. Bd4 a5 46. Bg7 axb4+ 47.  axb4 Kd5 48. Bh8 Bd8 49. Bd4 Bc7 50. Bf6 Ke6 51. Bg7 Bd8 52. Bh8 Kd6 53. Bg7  Bf7 54. Be2 Be8 55. Bf8+ Kd5 56. Bc5 g5 57. hxg5 Bxg5 58. Bd4 Be7 59. Bd1 Kc6  60. f3 h4 61. gxh4 Bh5 62. Bc2 Bxf3 63. Bb3 Bxh4 64. Kd2 Be7 65. Kc3 Kd7 66.  Bf7 Be2 67. Bg6 Ke6 68. Bh7 Bh5 69. Bg8+ Bf7 70. Bh7 Bf6 71. Bxf6 Kxf6 72. Kd4  Bc4 0-1

[Event "URS-ch sf"]
[Site "Daugavpils"]
[Date "1978.??.??"]
[Round "?"]
[White "Kataev, V."]
[Black "Zhidkov, Valery S"]
[Result "1-0"]
[WhiteElo "2200"]
[BlackElo "2520"]

1. Nf3 Nf6 2. c4 g6 3. Nc3 Bg7 4. d4 O-O 5. Bf4 d6 6. e3 Nbd7 7. Be2 a6 8. O-O  c6 9. a4 a5 10. h3 Nb8 11. e4 Nfd7 12. Qd2 Na6 13. Rad1 Re8 14. Rfe1 e5 15. Bh6  Bf6 16. Bf1 Qc7 17. Be3 Bg7 18. Nh2 Nf6 19. f4 exf4 20. Bxf4 Nh5 21. Bh6 Nb4  22. Bxg7 Kxg7 23. Be2 Nf6 24. Qf4 Qe7 25. Rf1 Be6 26. Rf2 Ng8 27. Rdf1 Rf8 28.  Qg3 Nc2 29. d5 Bd7 30. Bg4 Nb4 31. Bxd7 Qxd7 32. Ng4 Qe7 33. dxc6 bxc6 34. Rd1  h5 35. Ne3 Qe5 36. Nf5+ Kh7 37. Rxd6 Qxg3 38. Nxg3 Rae8 39. Nge2 Kg7 40. Nd4  Nd3 41. Re2 Nf4 42. Rd2 Nf6 43. Nxc6 Nxe4 44. Nxe4 Rxe4 45. Nxa5 1-0

[Event "URS-ch sf"]
[Site "Daugavpils"]
[Date "1978.??.??"]
[Round "?"]
[White "Katalymov, Boris N"]
[Black "Fokin, Sergey"]
[Result "1-0"]
[WhiteElo "2200"]
[BlackElo "2200"]

1. c4 Nf6 2. Nc3 d5 3. d4 e6 4. Bg5 Be7 5. e3 O-O 6. Nf3 h6 7. Bh4 Ne4 8. Bxe7  Qxe7 9. Qb3 Nxc3 10. bxc3 dxc4 11. Bxc4 Nd7 12. O-O e5 13. Rfe1 Qf6 14. e4 c5  15. dxe5 Nxe5 16. Nxe5 Qxe5 17. f4 Qe7 18. f5 Qe5 19. Bd5 Rb8 20. Qa3 Kh8 21.  Qxc5 Bd7 22. Qd4 Qc7 23. f6 g6 24. c4 b5 25. c5 Rbd8 26. Rac1 Kh7 27. c6 Bc8  28. Qc5 1-0

[Event "URS-ch sf"]
[Site "Daugavpils"]
[Date "1978.??.??"]
[Round "?"]
[White "Katalymov, Boris N"]
[Black "Lputian, Smbat G"]
[Result "1/2-1/2"]
[WhiteElo "2200"]
[BlackElo "2200"]

1. e4 e6 2. d4 d5 3. Nd2 c5 4. c3 Nc6 5. Ngf3 Nf6 6. Bd3 cxd4 7. cxd4 Qb6 8. e5  Nd7 9. Nb3 Bb4+ 10. Bd2 a5 11. Bxb4 Qxb4+ 12. Qd2 a4 13. Nc1 Nb6 14. Ne2 Bd7  15. Rc1 Qxd2+ 16. Kxd2 Ke7 17. Nc3 Rhc8 18. Nb5 Nb4 19. Nd6 Rxc1 20. Rxc1 Nxd3  21. Kxd3 Nc4 22. Nxb7 Rb8 23. Nc5 Rxb2 24. Rc2 Rb1 25. Nd2 Nxd2 26. Rxd2 Bb5+  27. Kc2 Rh1 28. h3 g5 29. Kc3 a3 30. Kb4 Bf1 31. Kxa3 Bxg2 32. f4 Rxh3+ 33. Kb4  Rg3 34. fxg5 Rxg5 35. Nd3 Rg7 36. Kc5 h5 37. a4 h4 38. a5 h3 39. a6 h2 40. a7  Rg8 41. Nf2 f6 42. exf6+ Kxf6 43. Ra2 Rc8+ 44. Kd6 Rd8+ 45. Kc7 Ke7 46. a8=Q  Rxa8 47. Rxa8 h1=Q 48. Nxh1 Bxh1 49. Rh8 Be4 50. Rh5 Bf5 51. Kc6 Bg4 1/2-1/2

[Event "URS-ch sf"]
[Site "Daugavpils"]
[Date "1978.??.??"]
[Round "?"]
[White "Katalymov, Boris N"]
[Black "Malaniuk, Vladimir P"]
[Result "1/2-1/2"]
[WhiteElo "2200"]
[BlackElo "2200"]

1. d4 Nf6 2. c4 g6 3. Nc3 d5 4. Nf3 Bg7 5. Bg5 Ne4 6. cxd5 Nxg5 7. Nxg5 e6 8.  Qd2 h6 9. Nh3 exd5 10. Qe3+ Kf8 11. Nf4 c6 12. Qf3 Qd6 13. e3 Nd7 14. Bd3 Nf6  15. h3 h5 16. O-O-O Bh6 17. g3 g5 18. Nxh5 Nxh5 19. Qxh5 g4 20. Qe5 Qxe5 21.  dxe5 d4 22. Ne4 dxe3 23. Kc2 exf2 24. hxg4 Bxg4 25. Rdf1 Bg7 26. Rxh8+ Bxh8 27.  Nf6 Be6 28. Rxf2 Rd8 29. b3 Bg7 30. g4 Ke7 31. g5 Rh8 32. Bh7 a5 33. Kc3 Kd8  34. Rd2+ Kc7 35. g6 fxg6 36. Bxg6 Bf8 37. Kd3 a4 38. bxa4 Rh3+ 39. Ke4 Ra3 40.  Bf7 Rxa4+ 41. Kf3 Ra3+ 42. Ke4 Bb4 43. Rd4 Bxf7 44. Rd7+ Kb6 45. Rxf7 Rxa2 46.  e6 Re2+ 1/2-1/2

[Event "URS-ch sf"]
[Site "Daugavpils"]
[Date "1978.??.??"]
[Round "?"]
[White "Katalymov, Boris N"]
[Black "Mishuchkov, Nikolai M"]
[Result "1-0"]
[WhiteElo "2200"]
[BlackElo "2410"]

1. d4 Nf6 2. c4 g6 3. Nc3 d5 4. Nf3 Bg7 5. cxd5 Nxd5 6. Bd2 O-O 7. Rc1 Bg4 8.  e3 Nxc3 9. Bxc3 Qd5 10. h3 Bxf3 11. Qxf3 Qxf3 12. gxf3 c6 13. Bb4 Re8 14. f4 e6  15. Rg1 Nd7 16. Rg5 Nb6 17. Ra5 Nd5 18. Bd2 Bf8 19. Bg2 a6 20. Ke2 Bd6 21. Rb1  Kf8 22. b4 Rec8 23. Ra3 Ke8 24. Rab3 Nc7 25. a4 Rcb8 26. R3b2 Kd7 27. Rc2 Rc8  28. Kf3 Be7 29. Bf1 Bd8 30. Bd3 Be7 31. Ke2 Bd8 32. Be4 Be7 33. Rbb2 Bd8 34. f3  Rcb8 35. Bd3 Rc8 36. Bc4 Rcb8 37. Kd3 Rc8 38. e4 b5 39. Bb3 bxa4 40. Bxa4 Nb5  41. Rc1 Bb6 42. Be3 Ke7 43. Rbc2 Rd8 44. Bxb5 cxb5 45. Rc6 Rd6 46. e5 Rxc6 47.  Rxc6 Bd8 48. f5 gxf5 49. d5 exd5 50. Rh6 a5 51. Bc5+ Ke8 52. bxa5 Rxa5 53. Rxh7  Be7 54. Rh8+ Kd7 55. e6+ fxe6 56. Rh7 Kc6 57. Bxe7 Ra7 58. Rg7 b4 59. f4 {  1:0(83x)} 1-0

[Event "URS-ch sf"]
[Site "Daugavpils"]
[Date "1978.??.??"]
[Round "?"]
[White "Katalymov, Boris N"]
[Black "Tseitlin, Mark D"]
[Result "0-1"]
[WhiteElo "2200"]
[BlackElo "2480"]

1. e4 d6 2. d4 Nf6 3. Nc3 g6 4. Be2 Bg7 5. g4 Na6 6. g5 Nd7 7. h4 c5 8. d5 c4  9. h5 Nac5 10. h6 Bxc3+ 11. bxc3 f6 12. Qd4 Qa5 13. Bd2 O-O 14. f4 b5 15. Nf3  Qc7 16. O-O e5 17. dxe6 Nxe6 18. Qe3 Bb7 19. f5 Nxg5 20. Nxg5 fxg5 21. fxg6  hxg6 22. h7+ Kh8 23. Qd4+ Kxh7 24. Bxg5 Rae8 25. Rxf8 Nxf8 26. Qxa7 Ne6 27. Qe3  Nxg5 28. Qxg5 Rxe4 29. Bf3 Qb6+ 30. Kf1 Re5 31. Qh4+ Kg7 32. Bxb7 Qxb7 33. Kf2  Qf7+ 34. Kg1 Qf3 35. Rf1 Qe3+ 36. Qf2 Rg5+ 37. Kh2 Qe5+ 38. Qf4 Qe2+ 39. Kh3  Qg2+ 0-1

[Event "URS-ch sf"]
[Site "Daugavpils"]
[Date "1978.??.??"]
[Round "?"]
[White "Katalymov, Boris N"]
[Black "Yuferov, Sergey  N"]
[Result "0-1"]
[WhiteElo "2200"]
[BlackElo "2450"]

1. e4 c5 2. Nf3 d6 3. d4 cxd4 4. Nxd4 Nf6 5. Nc3 a6 6. Bg5 e6 7. Qd3 b5 8. f4  Nbd7 9. O-O-O b4 10. Nd5 exd5 11. Nc6 dxe4 12. Re1 Nc5 13. Qd4 Qb6 14. Bxf6  Qxc6 15. Bc4 Be6 16. Bh4 Bxc4 17. Qxc4 d5 18. Qd4 b3 19. Qe5+ Ne6 20. axb3 Bd6  0-1